<The> enemy is us?
Konflikty medzi podnikovými manažérmi akosti a kvalitármi v teréne. Konflikt vzniká v rozdielnosti predstáv oboch skupín pokiaľ ide o vedenie, kontrolu a výkon podporných rolí pracovníkov akosti. Objasnenie zdroja nedorozumení vyžaduje analýzu úloh v rámci role vedenia, role kontroly a role podporný...
Salvato in:
| Autore principale: | |
|---|---|
| Natura: | Capitolo di libro |
| Lingua: | inglese |
| Soggetti: | |
| Tags: |
Nessun Tag, puoi essere il primo ad aggiungerne!!
|
MARC
| LEADER | 00000naa a2200000 4500 | ||
|---|---|---|---|
| 001 | r006387 | ||
| 005 | 20221213084355.3 | ||
| 041 | 0 | |a eng | |
| 044 | |a US | ||
| 245 | 1 | 0 | |a <The> enemy is us? |c T. Cocheu |
| 520 | |a Konflikty medzi podnikovými manažérmi akosti a kvalitármi v teréne. Konflikt vzniká v rozdielnosti predstáv oboch skupín pokiaľ ide o vedenie, kontrolu a výkon podporných rolí pracovníkov akosti. Objasnenie zdroja nedorozumení vyžaduje analýzu úloh v rámci role vedenia, role kontroly a role podporných činností. | ||
| 610 | 2 | 0 | |a konflikty |
| 610 | 2 | 0 | |a pracovníci |
| 610 | 2 | 0 | |a riadenie kvality |
| 610 | 2 | 0 | |a kontrola kvality |
| 610 | 2 | 0 | |a vedenie |
| 100 | 1 | |a Cocheu, T. | |